| 000 | 00491nam a2200169Ia 4500 | ||
|---|---|---|---|
| 003 | IN-BaIIA | ||
| 008 | 211028s9999 xx 000 0 eng d | ||
| 040 | _cIIA Library | ||
| 080 |
_a514.74 _bGIB |
||
| 100 |
_aGibson, George A. _91675 |
||
| 245 | 0 |
_aElements of analytical geometry _cGeorge A . Gibson |
|
| 260 |
_aLondon _bMacmillan _c1929 |
||
| 300 | _axxi, 475p. | ||
| 650 |
_aAnalytical Geometry _91676 |
||
| 650 |
_aGeometry _91677 |
||
| 942 | _cBK | ||
| 999 |
_c780 _d780 |
||